Centro para el Desarrollo Agropecuario y Forestal: cultivo de lechuga y apio / Centro para el Desarrollo Agropecuario y Forestal (Registro nro. 1939)
[ vista simple ]
| 000 -LEADER | |
|---|---|
| fixed length control field | 00643nam a22001931a 4500 |
| 001 - CONTROL NUMBER | |
| control field | 1939 |
| 003 - CONTROL NUMBER IDENTIFIER | |
| control field | OSt |
| 005 - DATE AND TIME OF LATEST TRANSACTION | |
| control field | 20260204211753.0 |
| 008 - FIXED-LENGTH DATA ELEMENTS--GENERAL INFORMATION | |
| fixed length control field | 040122s1999||||dr ||||||b||||||||||spa|| |
| 050 ## - LIBRARY OF CONGRESS CALL NUMBER | |
| Classification number | RD 635. 52 C333c |
| 082 ## - DEWEY DECIMAL CLASSIFICATION NUMBER | |
| Classification number | RD 635. 52 C333c |
| 245 ## - TÍTULO PROPIAMENTE DICHO: SUBTÍTULO | |
| Title | Centro para el Desarrollo Agropecuario y Forestal: cultivo de lechuga y apio / Centro para el Desarrollo Agropecuario y Forestal |
| 264 ## - PRODUCTION, PUBLICATION, DISTRIBUTION, MANUFACTURE, AND COPYRIGHT NOTICE | |
| Place of production, publication, distribution, manufacture | Santo Domingo : CEDAF |
| 300 ## - PHYSICAL DESCRIPTION | |
| Extensión | 34 P. |
| 490 ## - MENCIÓN DE SERIE | |
| Series statement | Guía tecnica NO. 34 |
| 500 ## - GENERAL NOTE | |
| General note | Incluye bibliografías. |
| 650 ## - ASIENTO SECUNDARIO DE MATERIA -- TERMINO TEMÁTICO | |
| Termino Temático Como Elemento de Entrada | 1.Horticultura - Lechuga 2.Horticultura Apio 3.Fundación de Desarrollo AgropecuarioÌ |
| 942 ## - ADDED ENTRY ELEMENTS (KOHA) | |
| Source of classification or shelving scheme | Dewey Decimal Classification |
| Koha item type | Libros |
| Withdrawn status | Lost status | Source of classification or shelving scheme | Damaged status | Not for loan | Current library | Date acquired | Total Checkouts | Full call number | Barcode | Date last seen | Price effective from | Koha item type |
|---|---|---|---|---|---|---|---|---|---|---|---|---|
| Dewey Decimal Classification | Biblioteca UTECO | 09/09/2019 | RD 635. 52 C333C | 005423 | 09/09/2019 | 09/09/2019 | Libros |
